What Words Can You Make: Kentucky - Statistics

General Stats
  • This quiz has been taken 6 times
  • The average score is 19 of 36
Answer Stats
Letters Answer % Correct
4 Neck
100%
3 Nut
100%
4 Tuck
100%
3 Tun
100%
3 Cut
83%
3 Ken
83%
3 Net
83%
3 Tec
83%
3 Ten
83%
4 Yeuk
83%
4 Yuck
83%
3 Yuk
83%
4 Cent
67%
4 Cute
67%
3 Key
67%
4 Neuk
67%
3 Yen
67%
3 Cue
50%
4 Kent
50%
4 Tune
50%
3 Uke
50%
3 Ute
50%
3 Yet
50%
4 Nuke
33%
3 Tye
33%
4 Cuke
17%
3 Ecu
17%
4 Keck
17%
3 Kue
17%
3 Kye
17%
4 Kyte
17%
4 Tyne
17%
5 Centu
0%
4 Kune
0%
4 Tyke
0%
4 Yuke
0%
No matching quizzes found
Score Distribution
Percent of People with Each Score
Percentile by Number Answered
Your Score History
You have not taken this quiz